Central Library OPAC University of Rajshahi

Power and society : (Record no. 35999)

MARC details
000 -LEADER
fixed length control field 01026nam a2200289 a 4500
001 - CONTROL NUMBER
control field 35999
003 - CONTROL NUMBER IDENTIFIER
rucl marc code BD-RjUL
005 - DATE AND TIME OF LATEST TRANSACTION
control field 20211209052421.0
008 - FIXED-LENGTH DATA ELEMENTS--GENERAL INFORMATION
fixed length control field 140615s1961 1950 ctu b 001 0 eng
035 ## - SYSTEM CONTROL NUMBER
System control number (BD-RjUL)36096
040 ## - CATALOGING SOURCE
Original cataloging agency DLC
Transcribing agency CCL
Modifying agency SER
-- m.c
-- OCL
-- BD-RjUL
Language of cataloging eng
041 ## - LANGUAGE CODE
Language code of text/sound track or separate title eng
082 ## - DEWEY DECIMAL CLASSIFICATION NUMBER
Classification number 320.1
Author mark and year LAP 1961
100 1# - MAIN ENTRY--PERSONAL NAME
Personal name Lasswell, Harold D.
Fuller form of name (Harold Dwight),
Dates associated with a name 1902-1978
9 (RLIN) 99727
245 10 - TITLE STATEMENT
Title Power and society :
Remainder of title a framework for political inquiry /
Statement of responsibility, etc. Harold D. Lasswell and Abraham Kaplan
260 ## - PUBLICATION, DISTRIBUTION, ETC. (IMPRINT)
Place of publication, distribution, etc. New Haven :
Name of publisher, distributor, etc. Yale University Press ;
Place of publication, distribution, etc. London :
Name of publisher, distributor, etc. Geoffrey Cumberlege, Oxford University Press,
Date of publication, distribution, etc. 1950 [Reprinted 1961]
300 ## - PHYSICAL DESCRIPTION
Pagination xxiv, 295 p. ;
Size 24 cm
490 1# - SERIES STATEMENT
Series statement Yale Law School studies ;
Volume/sequential designation 2
504 ## - BIBLIOGRAPHY, ETC. NOTE
Bibliography, etc Bibliography: p. [285]-286
650 #0 - SUBJECT ADDED ENTRY--TOPICAL TERM
Topical term or geographic name as entry element Political science
9 (RLIN) 109591
Topical term or geographic name as entry element Power (Social sciences)
9 (RLIN) 109592
700 1# - ADDED ENTRY--PERSONAL NAME
Personal name Kaplan, Abraham,
Dates associated with a name 1918-1993
830 #0 - SERIES ADDED ENTRY--UNIFORM TITLE
Volume number/sequential designation 2
830 #0 - SERIES ADDED ENTRY--UNIFORM TITLE
Uniform title Yale Law School studies ;
942 ## - ADDED ENTRY ELEMENTS (KOHA)
Source of classification or shelving scheme Dewey Decimal Classification
Koha item type Books
Holdings
Lost status Source of classification or shelving scheme Damaged status Not for loan Collection code Permanent Location Current Location Shelving location Date acquired Source of acquisition Cost, normal purchase price Total Checkouts Full call number Date last seen Copy number Koha item type
  Dewey Decimal Classification     Non-fiction Central Library, University of Rajshahi Central Library, University of Rajshahi   25/09/1968 zeetlinger 17.60   320.1 LAP 1961 15/06/2014 C-3 Books
  Dewey Decimal Classification     Non-fiction Central Library, University of Rajshahi Central Library, University of Rajshahi   14/01/1975 Obidul Huq 0.00   320.1 LAP 1965 15/06/2014 C-4 Books